banner-ar

النظام القانونى للاتفاقيات البترولية فى دول مجلس التعاون الخليجى: دراسة مقارنة مع الاهتمام بالاتفاقيات ونظم البترول بالمملكة العربية السعودية / (Record no. 41913)

MARC details
000 -الفاتح
حقل البيانات ثابتة الطول 00935nam a2200217Ia 4500
008 - عناصر البيانات ثابتة الطول - معلومات عامة
حقل البيانات ثابتة الطول 140319s9999 xx 000 0 ara d
040 ## - مصدر الفهرسة
وكالة الفهرسة الأصلية GCL /
وكالة النسخ GCL
082 04 - رقم تصنيف ديوى العشرى
رقم التصنيف 341.8
رقم المادة ا ن
100 1# - المدخل الرئيسى - إسم شخصى
الإسم الشخصى عمر ابوبكر باخشب
245 10 - بيان العنوان
العنوان النظام القانونى للاتفاقيات البترولية فى دول مجلس التعاون الخليجى: دراسة مقارنة مع الاهتمام بالاتفاقيات ونظم البترول بالمملكة العربية السعودية /
بيان المسئوليه,etc عمر ابوبكر باخشب
700 1# - المدخل الاضافى - اسم شخصى
الإسم الشخصى احمد عبدالحميد عشوش
260 ## - PUBLICATION, DISTRIBUTION, ETC. (IMPRINT)
تاريخ النشر أو التوزيع 1990
300 ## - الوصف المادى
التعداد 512 ص
490 ## - بيان السلسلة
عنوان السلسلة
650 04 - المدخل الاضافى بالموضوع-مصطلح موضوعى
مصطلح موضوعي القانون
650 04 - المدخل الاضافى بالموضوع-مصطلح موضوعى
مصطلح موضوعي القانون الدولى
650 04 - المدخل الاضافى بالموضوع-مصطلح موضوعى
مصطلح موضوعي القانون الدولى الخاص
650 04 - المدخل الاضافى بالموضوع-مصطلح موضوعى
مصطلح موضوعي السعودية - القانون الدولى الخاص
942 ## - عناصر المدخل الإضافي( كوها)
مصدر التصنيف او مخطط الترفيف Dewey Decimal Classification
Koha [default] item type كتاب
260 ## - PUBLICATION, DISTRIBUTION, ETC. (IMPRINT)
-- [S.N] :
-- مؤسسة شباب الجامعة ،
Holdings
حالة التراجع حالة الفقد حالة تلف ليس للاعارة المكان المؤقت الموقع الحالى تاريخ الاكتساب اجمالي اﻻعارات رقم الطلب الباركود تاريخ اخر مشاهدة تاريخ تفعيل السعر نوع وعاء كوها
        مكتبة القاهرة الكبرى مكتبة القاهرة الكبرى 03/26/2014   341.8\ا ن 101225 03/26/2014 03/26/2014 كتاب

Powered By

EGPV